| 000 | 00505nam a2200133 a 4500 | ||
|---|---|---|---|
| 008 | 120416s1956 ||||||||||||||||| || u | ||
| 050 | _aPR 1139 Pro | ||
| 100 | _aWright, Yaymond | ||
| 245 | 1 | 0 |
_aProse of the romantic period, 1780-1830 _cedited by Raymond Wright |
| 260 |
_aHarmondsworth _bPenguin _c1956 |
||
| 300 | _axxxv, 288p. | ||
| 350 | _a0.00 | ||
| 995 |
_D0.00 _FCBU-MAIN LIBRARY (Kitwe) _H1 _I0.00 _M1 _UAVAILABLE _ZAnnex Low-Usage Collection |
||
| 999 |
_c55157 _d55157 |
||